European markets at a glance (Record no. 109269)

MARC details
000 -LEADER
fixed length control field 01269cad a22002295a 4500
001 - CONTROL NUMBER
control field L146729
008 - FIXED-LENGTH DATA ELEMENTS--GENERAL INFORMATION
fixed length control field 090220s2009 xxkad f s 000 0 eng d
035 ## - SYSTEM CONTROL NUMBER
System control number (Sirsi) u146729
041 0# - LANGUAGE CODE
Language code of text/sound track or separate title eng
050 04 - LIBRARY OF CONGRESS CALL NUMBER
Classification number 333.33 $2 18
110 2# - MAIN ENTRY--CORPORATE NAME
Corporate name or jurisdiction name as entry element Atisreal
9 (RLIN) 5337
245 00 - TITLE STATEMENT
Title European markets at a glance
Remainder of title fourth quarter 2008
Medium [electronic resource]
260 ## - PUBLICATION, DISTRIBUTION, ETC.
Place of publication, distribution, etc. [S.l.]
Name of publisher, distributor, etc. Atisreal
Date of publication, distribution, etc. 2009
490 #0 - SERIES STATEMENT
Series statement European Markets at a Glance
Volume/sequential designation Fourth Quarter 2008
520 ## - SUMMARY, ETC.
Summary, etc. Reports that the European Investment Index fell by 20% in Q4 2008, a 61% fall over 2008 as a whole. Reveals that the slowdown was especially noticeable from Q2 2008 and that large transactions are declining. Reports that the European Prime Yield Index increased again, and that there are no prime yields below 5%. However, the European Office Take-up Index continued to fall in Q4, a drop by 19% over the whole year. Concludes that the Lehman Brothers bankruptcy now looks like the turning point of the financial crisis.
590 ## - LOCAL NOTE (RLIN)
Local note KA
650 24 - SUBJECT ADDED ENTRY--TOPICAL TERM
Topical term or geographic name entry element EUROPEAN MARKETS AT A GLANCE
651 #4 - SUBJECT ADDED ENTRY--GEOGRAPHIC NAME
Geographic name Europe
690 ## - LOCAL SUBJECT ADDED ENTRY--TOPICAL TERM (OCLC, RLIN)
Topical term or geographic name as entry element PROPERTY-COMMERCIAL PROPERTY-COMMERCIAL PROPERTY MARKET
856 40 - ELECTRONIC LOCATION AND ACCESS
Uniform Resource Identifier <a href="https://www.atisreal.com">https://www.atisreal.com</a>
Public note View this report free of charge under market research at www.atisreal.com...
942 ## - ADDED ENTRY ELEMENTS (KOHA)
Suppress in OPAC 0
Holdings
Withdrawn status Lost status Source of classification or shelving scheme Damaged status Not for loan Home library Current library Shelving location Date acquired Total Checkouts Full call number Barcode Date last seen Copy number Price effective from Koha item type
    Dewey Decimal Classification     Virtual Virtual Online 20/02/2009   ONLINE PUBLICATION 146729-2001 06/08/2019 1 06/08/2019 Book